[Event "Budapest FS05 IM"]
[Site "Budapest"]
[Date "1996.??.??"]
[Round "6"]
[White "Kolus, Lajos"]
[Black "Hoang Than Trang"]
[Result "0-1"]
[WhiteElo "2190"]
[BlackElo "2360"]

1.Nf3 f5 2.g3 Nf6 3.Bg2 g6 4.O-O Bg7 5.d4 O-O 6.c4 d6 7.Nc3 Qe8 8.d5 a5 9.Ng5 Na6
10.Qc2 h6 11.Ne6 Bxe6 12.dxe6 c6 13.e4 fxe4 14.Nxe4 Nc7 15.Bh3 g5 16.Qe2 Qg6
17.Nxf6+ Rxf6 18.f4 gxf4 19.Bxf4 Nxe6 20.Rae1 Nxf4 21.Rxf4 Rxf4 22.Qe6+ Qxe6
23.Bxe6+ Rf7  0-1

[Event "Budapest FS07 GM"]
[Site "Budapest"]
[Date "1996.??.??"]
[Round "11"]
[White "Hoang Than Trang"]
[Black "Varga, Zoltan"]
[Result "1/2-1/2"]
[WhiteElo "2360"]
[BlackElo "2450"]

1.d4 f5 2.c4 Nf6 3.g3 g6 4.Bg2 Bg7 5.Nf3 O-O 6.O-O d6 7.Nc3 Nc6 8.d5 Ne5
9.Nxe5 dxe5 10.c5 e4 11.Qb3 Kh8 12.Bf4 Nh5 13.Be3 Nf6 14.Bf4 Nh5 15.Be3 Nf6  1/2-1/2

[Event "Budapest FS08 GM"]
[Site "Budapest"]
[Date "1996.??.??"]
[Round "12"]
[White "Stocek, Jiri"]
[Black "Szabolcsi, Janos"]
[Result "1-0"]
[WhiteElo "2460"]
[BlackElo "2425"]

1.d4 f5 2.Nf3 Nf6 3.g3 g6 4.Bg2 Bg7 5.O-O O-O 6.c4 c6 7.Nc3 Ne4 8.Qb3 d6
9.Rd1 Kh8 10.Rb1 Nxc3 11.bxc3 Nd7 12.c5 d5 13.Bf4 b6 14.c4 e6 15.Bd6 Re8
16.Qa4 Bb7 17.Rd2 Qc8 18.e3 Ba6 19.cxd5 exd5 20.Rc1 Bc4 21.Qa3 b5 22.Qa5 Qd8
23.Bc7 Qc8 24.Ne1 Nf6 25.Be5 Ne4 26.Bxg7+ Kxg7 27.Rb2 h5 28.Nf3 Qe6 29.Ne5 h4
30.Qc7+ Re7 31.Qxc6 hxg3 32.Qxa8 gxf2+ 33.Rxf2 Nxf2 34.Kxf2 Qa6 35.Qc6 Qxa2+
36.Kg1 Qd2 37.Qxg6+ Kh8 38.Qh5+ Kg8 39.Rd1 Qxe3+ 40.Kh1  1-0

[Event "Budapest FS02 GM"]
[Site "Budapest"]
[Date "1996.??.??"]
[Round "13"]
[White "Fancsy, Imre"]
[Black "Hoang Than Trang"]
[Result "1/2-1/2"]
[WhiteElo "2365"]
[BlackElo "2360"]

1.d4 f5 2.g3 Nf6 3.Bg2 g6 4.Nf3 Bg7 5.O-O O-O 6.c4 d6 7.Nc3 Qe8 8.Re1 Qf7
9.b3 Ne4 10.Bb2 Nc6  1/2-1/2

[Event "Calcutta op"]
[Site "Calcutta"]
[Date "1996.??.??"]
[Round "9"]
[White "Novikov, Igor A"]
[Black "Prakash, G B."]
[Result "1-0"]
[WhiteElo "2590"]
[BlackElo "2360"]

1.d4 f5 2.g3 Nf6 3.Bg2 g6 4.Nf3 Bg7 5.O-O O-O 6.c4 d6 7.Nc3 Qe8 8.d5 a5 9.Ne1 Na6
10.Nd3 Rb8 11.Bd2 e5 12.dxe6 Bxe6 13.Nd5 b5 14.N3f4 b4 15.Nxf6+ Rxf6 16.Nxe6 Rxe6
17.Bd5 Bxb2 18.Rb1 Bf6 19.Be3 Kg7 20.Bxe6 Qxe6 21.Qa4 Qxc4 22.Rfc1 Qb5 23.Qxb5 Rxb5
24.Rc6 Nc5 25.Rxc7+ Kf8 26.Ra7 Na4 27.Rd1 d5 28.Ra6 Kf7 29.Rd2 Nc3 30.Kg2 a4
31.a3 Nb1 32.Rc2 Bc3 33.axb4 Rxb4 34.Bc1 d4 35.Ra2 a3 36.Bxa3 Nxa3 37.R2xa3 h5
38.Rc6 Rb2 39.Ra7+  1-0

[Event "Cannes op"]
[Site "Cannes"]
[Date "1996.??.??"]
[Round "4"]
[White "Anastasian, Ashot"]
[Black "Bauer, Christian"]
[Result "1-0"]
[WhiteElo "2520"]
[BlackElo "2430"]

1.d4 f5 2.g3 Nf6 3.Bg2 g6 4.Nf3 Bg7 5.O-O O-O 6.c4 d6 7.Nc3 c6 8.d5 Qb6 9.b3 Nxd5
10.Nxd5 cxd5 11.Qxd5+ e6 12.Qd3 Bxa1 13.Be3 Qc7 14.Rxa1 Nc6 15.Rd1 Re8 16.h4 Nd8
17.h5 Nf7 18.hxg6 hxg6 19.Ng5 Bd7 20.Nxf7 Kxf7 21.Qxd6 Qxd6 22.Rxd6 Bc6 23.Bxc6 bxc6
24.Rxc6 a5 25.Bg5 Rec8 26.Rd6 Rc7 27.Bf4 Rb7 28.c5 a4 29.Rb6 Re7 30.b4 e5
31.Bg5 Rc7 32.a3 Raa7 33.Rf6+ Kg7 34.Re6 Kf7 35.Rxe5 Ra8 36.Rd5 Rac8 37.Kg2 Ke8
38.e4 fxe4 39.Re5+ Kd7 40.Rxe4 Kc6 41.Bf4 Rf7 42.Re6+ Kb5 43.Rxg6  1-0

[Event "EU-ch Rapid-30'"]
[Site "Cap d`Agde"]
[Date "1996.??.??"]
[Round "?"]
[White "Bauer, Christian"]
[Black "Magem Badals, Jorge"]
[Result "1/2-1/2"]
[WhiteElo "2465"]
[BlackElo "2570"]

1.c4 f5 2.d4 Nf6 3.g3 g6 4.Bg2 Bg7 5.Nf3 O-O 6.O-O d6 7.Nc3 Nc6 8.b3 e5 9.dxe5 dxe5
10.Ba3 Re8 11.e4 Qxd1 12.Raxd1 fxe4 13.Ng5 Bg4 14.Rb1 Nd4 15.Ngxe4 Nxe4 16.Bxe4 c6
17.Kg2 Rad8 18.f3 Bf5 19.Rf2 Bh6 20.Bc1 Bxc1 21.Rxc1 Ne6 22.Re1 Nc5 23.Re3 Kf7
24.Rfe2 Kf6 25.h4 h5 26.b4 Nxe4 27.Nxe4+ Bxe4 28.Rxe4 Re7 29.f4 Rde8 30.Kf3 exf4
31.Rxf4+ Kg7 32.Rxe7+ Rxe7 33.Rd4 Kf6 34.Kf4 a6 35.c5 Kg7 36.Rd6 Kh6 37.a3 Rf7+
38.Ke3 Re7+ 39.Kf4 Rf7+ 40.Ke5 Rf3 41.Rd7 Rxg3 42.Rxb7 Rxa3 43.Rb6 a5 44.bxa5 Rxa5
45.Rxc6 Ra4 46.Rd6 Rxh4 47.Rd4 Rh1 48.Rc4 Kg5 49.c6 Re1+ 50.Kd6 Re8 51.c7 h4
52.c8=Q Rxc8 53.Rxc8 Kf4 54.Ke6 h3  1/2-1/2

[Event "Catalunya-chT"]
[Site "Catalunya"]
[Date "1996.??.??"]
[Round "?"]
[White "Gual Pascual, Antonio"]
[Black "De la Riva Aguado, Oscar"]
[Result "1/2-1/2"]
[WhiteElo "2390"]
[BlackElo "2470"]

1.d4 f5 2.g3 Nf6 3.Bg2 g6 4.c4 Bg7 5.Nf3 O-O 6.O-O d6 7.Nc3 Qe8 8.d5 a5 9.Ne1 e5
10.dxe6 c6 11.b3 Na6 12.Qxd6 Bxe6 13.Rb1 Ng4  1/2-1/2

[Event "Catalunya-chT"]
[Site "Catalunya"]
[Date "1996.??.??"]
[Round "?"]
[White "Aoiz, Jose J"]
[Black "Tejero, Jorge"]
[Result "1/2-1/2"]
[WhiteElo "2275"]
[BlackElo "2215"]

1.d4 f5 2.c4 Nf6 3.Nf3 g6 4.g3 Bg7 5.Bg2 O-O 6.O-O d6 7.Nc3 Qe8 8.d5 Na6
9.Rb1 Bd7 10.b4 c6 11.dxc6 bxc6 12.b5 Nc5 13.Nd4 Nfe4 14.Nxe4 Nxe4 15.bxc6 Bxc6
16.Nxc6 Qxc6 17.Bxe4 Qxe4 18.Qd5+ Qxd5 19.cxd5 Kf7 20.Bf4 Rab8 21.Rfc1 Bf6
22.Rxb8 Rxb8 23.Rc7 Rb5 24.Rxa7 Rxd5 25.Be3 Rd1+ 26.Kg2 Re1 27.Kf3 g5 28.h3 h5
29.g4 fxg4+ 30.hxg4 h4 31.Rc7 Ra1 32.Rc2 Kg6 33.Kg2 Be5 34.Bc1 Rb1  1/2-1/2

[Event "Cetinje"]
[Site "Cetinje"]
[Date "1996.??.??"]
[Round "?"]
[White "Vukovic, Zdravko"]
[Black "Miljanic, Boro"]
[Result "1/2-1/2"]
[WhiteElo "2475"]
[BlackElo "2410"]

1.d4 g6 2.Nf3 f5 3.g3 Nf6 4.Bg2 Bg7 5.O-O O-O 6.c4 d6 7.Nc3 Nc6 8.d5 Ne5
9.Nxe5 dxe5 10.e4 f4  1/2-1/2

[Event "Capablanca mem-C"]
[Site "Cienfuegos"]
[Date "1996.??.??"]
[Round "4"]
[White "Clavijo, Jorge Mario"]
[Black "Ross, David"]
[Result "1-0"]
[WhiteElo "2380"]
[BlackElo "2355"]

1.d4 f5 2.Nf3 Nf6 3.g3 g6 4.Bg2 Bg7 5.O-O O-O 6.c4 d6 7.Nc3 Nc6 8.d5 Na5
9.Nd2 c5 10.Qc2 e5 11.a3 b6 12.b4 Nb7 13.Nb3 Bd7 14.bxc5 Nxc5 15.Nxc5 bxc5
16.Rb1 a6 17.Bd2 Qc7 18.Rb3 Rab8 19.Rfb1 Ng4 20.f3 Nh6 21.Qb2 Rxb3 22.Qxb3 Nf7
23.Qb7 Qxb7 24.Rxb7 Rd8 25.Ra7 Kf8 26.a4 Bc8 27.a5 Rd7 28.Ra8 Rd8 29.Rb8 Bd7
30.Rb7 Ke8 31.Bh3 h5 32.Ra7 Rb8 33.Rxa6 Rb2 34.Be1 e4 35.fxe4 Rc2 36.Nb5 Rxe2
37.Kf1 Rxe4 38.Nxd6+ Nxd6 39.Rxd6 Rxc4  1-0

[Event "Club Tres Peons"]
[Site "?"]
[Date "1996.??.??"]
[Round "2"]
[White "Fernandez Madrid, Carlos"]
[Black "Ramirez, JA."]
[Result "1/2-1/2"]
[WhiteElo "2250"]
[BlackElo "2290"]

1.Nf3 g6 2.d4 f5 3.g3 Bg7 4.Bg2 Nf6 5.c4 O-O 6.O-O d6 7.Nc3 Qe8 8.Bg5 Na6
9.Qc1 Qf7 10.Nh4 c6 11.d5 Bd7 12.Rb1 Nc5 13.dxc6 Bxc6 14.Nd5 Nce4 15.Nxf6+ Nxf6
16.Bxc6 bxc6 17.Bxf6 Qxf6 18.Nf3 f4 19.Qc2 Rab8 20.b4 Qf5 21.Qxf5 Rxf5 22.g4 Rff8
23.Rfd1 Rb7 24.Rb3 Rfb8 25.Ra3 Bf6 26.Ra6 Kf7 27.Nd4 Bxd4 28.Rxd4 g5 29.c5 dxc5
30.bxc5 Rc7 31.Rda4 Rbb7 32.Ra3 Ke6 33.Rh3 Rb5 34.Rxh7 Rxc5 35.Rh5 Re5 36.Kg2 Kd5
37.h4 gxh4 38.Rxh4 Rxe2 39.Kf3 Rb2 40.g5 e5 41.g6 e4+ 42.Kxf4 Rxf2+ 43.Kg3 Rf6
44.Rg4 Rg7 45.Ra5+ Kd6 46.Rag5 e3 47.Rd4+ Ke7 48.Re4+ Re6 49.Rxe6+ Kxe6 50.Kf3 Kf6
51.Rc5 Rc7 52.Kxe3 Kxg6 53.Kd4 Kf6 54.Rh5 Ke6 55.Rh6+ Kd7 56.Kc5 Kc8  1/2-1/2

[Event "DEN-ch playoff"]
[Site "Copenhagen"]
[Date "1996.??.??"]
[Round "3"]
[White "Nielsen, Peter Heine"]
[Black "Danielsen, Henrik"]
[Result "0-1"]
[WhiteElo "2530"]
[BlackElo "2495"]

1.c4 f5 2.Nf3 Nf6 3.g3 g6 4.Bg2 Bg7 5.O-O O-O 6.d4 d6 7.Nc3 Nc6 8.d5 Ne5
9.Nxe5 dxe5 10.e4 f4 11.b4 g5 12.Bb2 Qe8 13.Re1 Ng4 14.f3 Nxh2 15.g4 Nxg4
16.fxg4 h5 17.Bf3 Qd7 18.Qa4 Qd6 19.gxh5 g4 20.Kf2 Kh7 21.Rh1 Bf6 22.Rag1 Rg8
23.c5 Qd8 24.Qd1 gxf3 25.Qxf3 Rxg1 26.Rxg1 Bd7 27.b5 c6 28.dxc6 bxc6 29.bxc6 Bh4+
30.Ke2 Be6 31.Nd5 Qa5 32.Qc3 Qa4 33.Nb4 Bf6 34.Qa3 Qb5+ 35.Nd3 Qxc6 36.Kf3 Bf5
37.Qb4 Rb8 38.Qc4 Be6 39.Qc2 Bf7  0-1

[Event "DEN-ch playoff 30'"]
[Site "Copenhagen"]
[Date "1996.??.??"]
[Round "6"]
[White "Nielsen, Peter Heine"]
[Black "Danielsen, Henrik"]
[Result "1/2-1/2"]
[WhiteElo "2530"]
[BlackElo "2495"]

1.Nf3 f5 2.c4 Nf6 3.g3 g6 4.Bg2 Bg7 5.O-O O-O 6.d4 d6 7.Nc3 Qe8 8.b3 h6 9.Qd3 Nc6
10.Ba3 Qf7 11.Rae1 g5 12.e4 fxe4 13.Nxe4 Nxe4 14.Qxe4 Bf5 15.Qe3 Bg4 16.d5 Bxf3
17.dxc6 Bxg2 18.Kxg2 bxc6 19.Qxe7 Qf3+ 20.Kg1 Bd4 21.Qe2 Qxe2 22.Rxe2 Rae8
23.Rd2 c5 24.Kg2 a5 25.Bb2 Bxb2 26.Rxb2 Re4 27.Rd1 Kg7 28.Rd3 Rfe8 29.Rc2 Kg6
30.h3 Re1 31.Rcd2 R8e6 32.Rf3 Kg7 33.Rfd3 R6e5 34.Rf3 R1e2 35.Rxe2 Rxe2 36.a4 Rb2
37.g4 Kg6 38.Kg3 Rd2 39.Kg2 c6 40.Kf1 Rd4 41.Ke2 h5 42.gxh5+ Kxh5 43.Rf8 d5
44.Rh8+ Kg6 45.Rc8 dxc4 46.Rxc6+ Kh5 47.bxc4 Rxc4 48.Kd3 Rxa4 49.Rxc5 Kh4
50.Ke2 Re4+ 51.Kf3 Rf4+ 52.Kg2 a4 53.Ra5 Rb4 54.Ra6 Kh5 55.Kh2 g4 56.hxg4+ Kxg4
57.Kg2 Kf4 58.Kf1 Kf3 59.Ke1 Rd4 60.Ra5 Re4+ 61.Kd2 Kxf2 62.Kc2 Ke3 63.Kb2 Kd3
64.Ka3 Kc3 65.Rxa4 Rxa4+  1/2-1/2

[Event "Obro Nytaar op"]
[Site "Copenhagen"]
[Date "1996.??.??"]
[Round "6"]
[White "Stojanovski, Sandi"]
[Black "Hartung Nielsen, Jens"]
[Result "1/2-1/2"]
[WhiteElo "2200"]
[BlackElo "2255"]

1.d4 f5 2.Nf3 Nf6 3.g3 g6 4.Bg2 Bg7 5.O-O O-O 6.c4 c6 7.b3 Ne4 8.Qc2 d5 9.Nbd2 Be6
10.e3 h6 11.Ne1 Nxd2 12.Bxd2 Nd7 13.Nd3 g5 14.Rac1 Rc8 15.Rfd1 Bf7 16.Be1 e6
17.Bb4 Re8 18.Bd6 Bh5 19.Re1 Nf6 20.Be5 Bg6 21.Bxf6 Qxf6 22.f4 Bf8 23.Rf1 Red8
24.c5 Rc7 25.Ne5 Be8 26.b4 h5 27.Nf3 g4 28.Ne5 h4 29.Rfd1 Rh7 30.Bf1 Qh6
31.Qg2 Bg7 32.Nd3 Kf7 33.Rb1 Bd7 34.Nf2 a6 35.Be2 hxg3 36.hxg3 Rdh8 37.a4 e5
38.dxe5 Bxe5 39.b5 axb5 40.Bxb5 Bc7 41.Bc4 Bc8 42.Bf1 Qe6 43.Rd3 Rh5 44.Rdb3 Ba5
45.Rxb7+ Bxb7 46.Rxb7+ Kf6 47.Nxg4+ Kg6 48.Ne5+ Kf6 49.g4 Rh1+ 50.Kf2 Qg8
51.Nd7+ Ke7 52.Ne5+ Kf6 53.Nd7+ Ke7 54.Ne5+ Kf6 55.Rf7+ Qxf7 56.g5+ Kg7 57.Nxf7 Kxf7
58.g6+ Kg7 59.Qg5 R1h2+ 60.Bg2 R8h6 61.Qe7+ Kxg6 62.Qe6+ Kg7 63.Qd7+ Kg6
64.Qxc6+ Kh5 65.Qxd5 Rg6 66.Qxf5+ Kh6 67.Qd5 Bd2 68.c6 Rhxg2+ 69.Qxg2 Bxe3+
70.Kf3 Rxg2 71.Kxg2 Bxf4 72.Kf3 Bc7 73.Ke4 Kg6 74.Kd5 Kf6 75.Kc5 Ke6 76.Kb5 Kd6
77.a5 Bxa5 78.Kxa5 Kxc6  1/2-1/2

[Event "Politiken Cup"]
[Site "Copenhagen"]
[Date "1996.??.??"]
[Round "8"]
[White "Hellsten, Johan"]
[Black "Fernandez Siles, Luis"]
[Result "1-0"]
[WhiteElo "2475"]
[BlackElo "2270"]

1.d4 f5 2.c4 Nf6 3.g3 g6 4.Bg2 Bg7 5.Nf3 O-O 6.O-O d6 7.Nc3 Qe8 8.d5 Na6
9.Rb1 Bd7 10.b4 c6 11.dxc6 Bxc6 12.Qb3 Ne4 13.Bb2 Bxc3 14.Bxc3 Nxc3 15.Qxc3 Rc8
16.Rfc1 Be4 17.Rb2 Nb8 18.Bh3 Bxf3 19.Qxf3 Rc7 20.Qe3 b6 21.c5 Qc8 22.Rbc2 bxc5
23.bxc5 d5 24.Qd2 e6 25.Rc3 Nc6 26.Bf1 Ne5 27.Qd4 Nc6 28.Qd1 d4 29.Ra3 e5
30.e3 Rd8 31.Qb3+ Kf8 32.Bb5 dxe3 33.fxe3 Ne7 34.c6 Rd6 35.Ra4 Qe6 36.Bc4 Qf6
37.Qb8+ Rc8 38.Qxa7 Rdxc6 39.Qb7 R6c7 40.Qb3 Kg7 41.Rd1 Qc6 42.Ba6 Rb8 43.Qxb8 Qxa4
44.Qxc7 Qxd1+ 45.Bf1 Kf6 46.Qb6+ Kg7 47.Qe6 Nd5 48.Qxe5+ Kh6 49.a4 Qf3 50.a5 Nxe3
51.Qf4+ Qxf4 52.gxf4 Nd5 53.a6 g5 54.a7 Nc7 55.Kf2 gxf4 56.Kf3 Kg5 57.Bc4 Na8
58.Bd5 Nc7 59.Bc6 Kg6 60.Kxf4 Kf6 61.Bb7 h6 62.Ke3 Ke5 63.Kd3 Kd6 64.Kc4 Kd7
65.Kc5 Kd8 66.Bc6 Ke7 67.Kb6 Kd8 68.Kb7 f4 69.Be4 Kd7 70.Bf3 Kd8 71.Bc6  1-0

[Event "RUS-ch sf"]
[Site "Ekaterinburg"]
[Date "1996.??.??"]
[Round "?"]
[White "Reutova, Ljudmila"]
[Black "Markov, Alexander"]
[Result "1-0"]
[WhiteElo "2115"]
[BlackElo "2220"]

1.d4 f5 2.Nf3 g6 3.g3 Bg7 4.Bg2 Nf6 5.c4 O-O 6.O-O d6 7.b3 Nc6 8.Bb2 e5 9.dxe5 Ng4
10.Nc3 Ngxe5 11.Nxe5 Nxe5 12.Qd5+ Kh8 13.e3 Rb8 14.Rad1 Bd7 15.Qd2 Bc6 16.Nd5 Qd7
17.Qe2 Rbe8 18.a4 b6 19.Qc2 g5 20.f4 Ng4 21.Bc1 Bxd5 22.Rxd5 gxf4 23.exf4 Qe6
24.Rd3 Qh6 25.Bf3 Nf6 26.Bc6 Re7 27.Rdd1 Ng4 28.Rd3 a5 29.Qg2 Qg6 30.Bd2 Rf6
31.h3 Nh6 32.Bd5 Rf8 33.Re1 Rfe8 34.Rxe7 Rxe7 35.Kf1 Nf7 36.Qf2 Qh5 37.Re3 Rxe3
38.Qxe3 Nh6 39.Kg2 Qg6 40.Qe7 Qf6 41.Qxc7 Ng8 42.Qf7 Qxf7 43.Bxf7 Bd4 44.Bxg8 Kxg8
45.g4 Kf7 46.Kf3 Kf6 47.Be3  1-0

[Event "RUS-ch"]
[Site "Elista"]
[Date "1996.??.??"]
[Round "2"]
[White "Rashkovsky, Nukhim N"]
[Black "Shovunov, Baatr"]
[Result "1-0"]
[WhiteElo "2530"]
[BlackElo "2320"]

1.Nf3 f5 2.g3 Nf6 3.Bg2 g6 4.O-O Bg7 5.d4 O-O 6.c4 d6 7.Nc3 c6 8.Qc2 Na6
9.Bg5 Qe8 10.Rfe1 Qf7 11.b3 Nb4 12.Qd2 Ne4 13.Nxe4 fxe4 14.Qxb4 exf3 15.exf3 Bxd4
16.Bxe7 Re8 17.Bxd6 Bxa1 18.Rxa1 a5 19.Qd2 a4 20.Rc1 axb3 21.axb3 Rd8 22.b4 Be6
23.c5 Ra2 24.Qg5 Rda8 25.h4 Bd5 26.Re1 Re8 27.Rxe8+ Qxe8 28.Be5 Re2 29.f4 Re1+
30.Kh2 Bxg2 31.Kxg2 Qd7 32.Qf6 Qd5+ 33.Kh3 Qd7+ 34.Kh2 h5 35.Qxg6+ Kf8 36.Bd6+ Re7
37.Qf6+ Ke8 38.Qxe7+  1-0

[Event "FIN-chT 9596"]
[Site "FIN"]
[Date "1996.??.??"]
[Round "11"]
[White "Hurme, Harri M"]
[Black "Koskinen, Henri"]
[Result "1/2-1/2"]
[WhiteElo "2235"]
[BlackElo "2230"]

1.d4 f5 2.Nf3 Nf6 3.g3 g6 4.Bg2 Bg7 5.O-O O-O 6.c4 d6 7.d5 c6 8.Nc3 e5 9.dxe6 Bxe6
10.Qd3 Qe7 11.Ng5 Na6 12.Bf4 Rad8 13.Rad1 Nh5 14.b3 Nxf4 15.gxf4 h6 16.Nxe6 Qxe6
17.e3 Nc5 18.Qc2 Kh7 19.Ne2 Qf6 20.Rd2 Rfe8 21.Rfd1 Ne4 22.Rd3 Nc5 23.Rd4 Qf8
24.R4d2 Ne4 25.Bxe4 fxe4 26.Ng3 Qe7 27.Kh1 Qe6 28.Rg1 d5 29.cxd5 cxd5 30.Qc5 b6
31.Qb5 Rf8 32.Rc1 d4 33.Qc6 Qxc6 34.Rxc6 dxe3 35.Rxd8 Rxd8 36.fxe3 Rd1+ 37.Kg2 Rd2+
38.Kh3 Rxa2 39.Re6 Ra3 40.Rxe4 Rxb3 41.Re7 Kg8 42.f5 Bf8 43.Rxa7 Rxe3 44.Kg4 Re7
45.Rxe7 Bxe7 46.fxg6  1/2-1/2

[Event "Oberliga Sued W9697"]
[Site "GER"]
[Date "1996.??.??"]
[Round "?"]
[White "Steinheimer, Juergen"]
[Black "Polster, Wolfgang"]
[Result "0-1"]
[WhiteElo "2210"]
[BlackElo "2225"]

1.d4 f5 2.g3 Nf6 3.Bg2 g6 4.Nf3 Bg7 5.O-O O-O 6.c4 d6 7.Nc3 c6 8.d5 Nh5 9.e3 Qe8
10.Nd4 c5 11.Ne6 Bxe6 12.dxe6 Nc6 13.Nd5 Rc8 14.g4 fxg4 15.Qxg4 Nf6 16.Nxf6+ exf6
17.Bd5 Qe7 18.f4 f5 19.Qg2 Kh8 20.Rb1 Nd8 21.e4 Nxe6 22.exf5 gxf5 23.Bxb7 Rb8
24.Bd5 Nc7 25.Bf3 Rg8 26.Kh1 Bd4 27.Qc2 Qf6 28.b3 Rg7 29.Bb2 Ne6 30.Bd5 Bxb2
31.Qxb2 Qxb2 32.Rxb2 Nd4 33.Re1 a5 34.Rg2 a4 35.Rxg7 Kxg7 36.Re7+ Kg6 37.bxa4 Rb2
38.a3 Rb3 39.Rd7 Rxa3 40.Rxd6+ Kh5 41.Ra6 Kg4 42.Ra7 Kxf4 43.Rxh7 Rxa4 44.Kg2 Ra2+
45.Kf1 Nc2 46.Rc7 Ne3+ 47.Kg1 Nxd5 48.cxd5 Kf3 49.h4 Kg3 50.Kf1 f4 51.Rg7+ Kxh4
52.d6 Rd2 53.d7 c4 54.Ke1 c3 55.Rf7 Kg4 56.Rg7+ Kf3 57.Re7 Rd3 58.d8=Q Rxd8
59.Rc7 Rd3 60.Rc8 Kg2 61.Ke2 Rg3 62.Rf8 f3+  0-1

[Event "Oberliga Nord O9596"]
[Site "Germany"]
[Date "1996.??.??"]
[Round "?"]
[White "Mueller, Michael"]
[Black "Goebel, Wolfgang"]
[Result "1-0"]
[WhiteElo "2325"]
[BlackElo "2220"]

1.d4 f5 2.c4 Nf6 3.Nf3 g6 4.g3 Bg7 5.Bg2 O-O 6.O-O d6 7.Nc3 Qe8 8.d5 Na6
9.Rb1 c6 10.b4 Bd7 11.Qb3 cxd5 12.cxd5 Rc8 13.Be3 Ng4 14.Bd4 Bxd4 15.Nxd4 Ne5
16.Ne6 Rf6 17.e4 Rc4 18.f4 Rxb4 19.Qxb4 Nxb4 20.fxe5 dxe5 21.Rxb4 Qc8 22.Rb3 a5
23.Rfb1 Bxe6 24.dxe6 Qc5+ 25.Kh1 f4 26.Nd5 Rxe6 27.Rxb7 fxg3 28.hxg3 g5 29.Bh3 g4
30.Bxg4 Rh6+ 31.Kg2 Qc2+ 32.Kf3 Qd3+ 33.Ne3 Rf6+ 34.Bf5 e6 35.Rb8+ Kg7 36.R1b7+ Kh6
37.Rxh7+ Kg5 38.Rg8+  1-0

[Event "BL2-O9596"]
[Site "Germany"]
[Date "1996.??.??"]
[Round "?"]
[White "Schirm, Friedmar"]
[Black "Heidrich, Manfred"]
[Result "1/2-1/2"]
[WhiteElo "2295"]
[BlackElo "2340"]

1.Nf3 f5 2.g3 Nf6 3.Bg2 g6 4.O-O Bg7 5.d4 O-O 6.c4 d6 7.Nc3 Qe8 8.d5 e5 9.dxe6 Bxe6
10.Ng5 c6 11.Bf4 h6 12.Nxe6 Qxe6 13.Qb3 Rf7 14.Rad1 Bf8 15.e4 fxe4 16.Rfe1 g5
17.Bxe4 Nxe4 18.Nxe4 Qf5 19.Bxd6 Na6 20.Bxf8 Raxf8 21.Qe3 Re7 22.Qd4 c5 23.Qd5+ Qxd5
24.cxd5 Kg7 25.d6 Rd7 26.g4 Re8 27.Ng3 Rxe1+ 28.Rxe1 Kf6 29.Nf5 h5 30.Re7 Nb8
31.Ng3 hxg4 32.Ne4+ Kf5 33.Nxc5 Rxd6 34.Rxb7 Nc6 35.Rf7+ Ke5 36.Rd7 Rd5 37.Nd3+ Ke4
38.Rxd5 Kxd5 39.Kg2 Kd4 40.Nc1 Ne5 41.Kg3 Ke4 42.a4 Kd4 43.a5 Kc4 44.Ne2 Kb5
45.Nc3+ Kxa5 46.Ne4 Kb4 47.Nxg5 Kb3 48.Ne4 Kxb2 49.Kf4 Nf3 50.Kxg4 Nxh2+
51.Kg3 a5 52.Kxh2 a4 53.Nd6 Kb3 54.Nb5 Kb4 55.Nd4 Kc3 56.Nb5+ Kb4 57.Nd4  1/2-1/2

[Event "BL2-W9596"]
[Site "Germany"]
[Date "1996.??.??"]
[Round "?"]
[White "Von Gleich, Alexander"]
[Black "Gross, Georg"]
[Result "0-1"]
[WhiteElo "2340"]
[BlackElo "2345"]

1.Nf3 f5 2.g3 Nf6 3.Bg2 g6 4.O-O Bg7 5.d4 O-O 6.c4 d6 7.Nc3 Qe8 8.b3 c6 9.Ba3 Na6
10.Qd3 Rb8 11.e4 b5 12.e5 b4 13.exf6 Bxf6 14.Bb2 bxc3 15.Bxc3 Qf7 16.Qe3 Qg7
17.Rac1 g5 18.Ne5 c5 19.Nc6 cxd4 20.Bxd4 Bxd4 21.Qxd4 Qxd4 22.Nxd4 Nc5 23.Nc6 Rb7
24.b4 Nd3 25.Rb1 f4 26.Bd5+ e6 27.Be4 Rc7 28.Rfd1 Bb7 29.b5 Nc5 30.Bh1 Rd7
31.Ne5 Rfd8 32.Bxb7 dxe5 33.Bc6 Rd4 34.Rxd4 exd4 35.Re1 d3 36.Kf1 fxg3 37.hxg3 Rd6
38.Re5 d2 39.Bf3 d1=Q+ 40.Bxd1 Rxd1+ 41.Ke2 Re1+ 42.Kxe1 Nd3+ 43.Kd2 Nxe5
44.Kc3 h5  0-1

[Event "BL2-N9697"]
[Site "Germany"]
[Date "1996.??.??"]
[Round "?.1"]
[White "Lagunow, Alexander"]
[Black "Matthey, Harald"]
[Result "1-0"]
[WhiteElo "2425"]
[BlackElo "2325"]

1.Nf3 f5 2.g3 Nf6 3.Bg2 g6 4.O-O Bg7 5.c4 O-O 6.d4 d6 7.Nc3 Qe8 8.b3 Na6
9.Bb2 h6 10.Re1 g5 11.e4 fxe4 12.Nxe4 Nxe4 13.Rxe4 Bf5 14.Re3 Nb4 15.Ne1 Nc6
16.Qd2 Qg6 17.Nf3 e6 18.Rae1 Rae8 19.d5 Bxb2 20.dxc6 Qg7 21.cxb7 Bf6 22.Rd1 e5
23.Qa5 Bc2 24.Rd2 Bg6 25.Qxa7 g4 26.Nd4 Bg5 27.Nc6 Bxe3 28.Qxe3 e4 29.Qd4 e3
30.Bd5+ Bf7 31.Qxg7+ Kxg7 32.fxe3 Bxd5 33.cxd5 Rb8 34.Nxb8 Rxb8 35.Rd4 Rxb7
36.Rxg4+ Kf6 37.Re4 Rb5 38.Re6+ Kg5 39.Kg2 Rxd5 40.Kf3 Rf5+ 41.Ke2 Rc5 42.Kd3 Rd5+
43.Kc3 Rc5+ 44.Kb4 Rc2 45.h4+ Kg4 46.a4 Kxg3 47.Rxh6 Kf3 48.Re6 Rh2 49.Kb5 Rxh4
50.b4 Ke2 51.a5 Kd3 52.a6 Kc3 53.e4 Rh5+ 54.Kc6 Kxb4 55.Kxc7 Rh7+ 56.Kb6 Rd7
57.a7 Rd8 58.Kc7  1-0

[Event "Landesliga N9596 Bayern"]
[Site "Germany"]
[Date "1996.??.??"]
[Round "?"]
[White "Gazmaga, Stefan"]
[Black "Dalinger, Valerie"]
[Result "1/2-1/2"]
[WhiteElo "2135"]
[BlackElo "2200"]

1.c4 f5 2.g3 Nf6 3.Bg2 g6 4.Nf3 Bg7 5.O-O O-O 6.d4 d6 7.d5 c6 8.Nc3 e5 9.dxe6 Bxe6
10.b3 Ne4 11.Nxe4 Bxa1 12.Bg5 Qd7 13.Nxd6 Bg7 14.Qd2 Na6 15.b4 Rab8 16.Rd1 b5
17.cxb5 cxb5 18.Bf4 Rb6 19.Ng5 Kh8 20.Be3 Rbb8 21.Bc6 Qe7 22.Nxe6 Qxe6 23.Bxa7 Rbd8
24.Bxb5 Nc7 25.Bc4 Rxd6 26.Bxe6 Rxd2 27.Rxd2 Nxe6 28.b5 Rd8 29.Rxd8+ Nxd8
30.e3 Kg8 31.Kf1 Kf7 32.Ke2 Ke6 33.Kd3 Kd5 34.f3 Bf8 35.e4+ fxe4+ 36.fxe4+ Ke6
37.a4 Nb7 38.Bb6 Bb4 39.Kc4 Be1 40.Bc7 Kd7 41.Be5 Ke6 42.Bd4 Nd6+ 43.Kc5 Nxe4+
44.Kc6 Nd6 45.b6 Nc4 46.b7 Na5+ 47.Kc7 Nxb7 48.Kxb7 Kf5 49.Bb6 Kg4 50.a5 Bxa5  1/2-1/2

[Event "NRW-Liga I 9596"]
[Site "Germany"]
[Date "1996.??.??"]
[Round "?"]
[White "Rohde, Ulrich"]
[Black "Van Mil, Johannes A J"]
[Result "0-1"]
[WhiteElo "2285"]
[BlackElo "2435"]

1.Nf3 f5 2.g3 Nf6 3.Bg2 g6 4.c4 Bg7 5.d4 O-O 6.O-O d6 7.Nc3 Nc6 8.d5 Na5
9.Qa4 c5 10.dxc6 bxc6 11.c5 dxc5 12.Ne5 Rb8 13.Rd1 Qb6 14.Nc4 Nxc4 15.Qxc4+ Kh8
16.Na4 Qb4 17.Qxb4 Rxb4 18.Nxc5 Rc4 19.Nd3 Ne4 20.Bf4 Be6 21.Rac1 Rc8 22.b3 Rxc1
23.Rxc1 Nc3 24.Rc2 c5 25.Bb7 Rd8 26.Nxc5 Rd1+ 27.Kg2 Bg8 28.Nd3 Ra1 29.Ne5 g5
30.Rxc3 gxf4 31.gxf4 Bxe5 32.fxe5 Rxa2 33.e3 Rb2 34.Rc8 Kg7 35.Rc7 Rxb3 36.Rxe7+ Kf8
37.Rc7 Rxb7 38.Rc8+ Kg7 39.Kg3 Be6 40.Re8 Kf7 41.Rh8 Kg7 42.Re8 Bb3 43.Rd8 a5
44.Ra8 a4 45.Ra6 Rb4 46.Ra7+ Kg6 47.f3 Bd5 48.Rd7 Bb7  0-1

[Event "BL9697 (Women)"]
[Site "Germany"]
[Date "1996.??.??"]
[Round "?"]
[White "Schuster, Birgit"]
[Black "Zahn, Nicol"]
[Result "0-1"]
[WhiteElo "2225"]
[BlackElo "2065"]

1.d4 f5 2.g3 Nf6 3.Bg2 g6 4.Nf3 Bg7 5.O-O O-O 6.c4 d6 7.Nc3 Nc6 8.Qb3 e5
9.dxe5 dxe5 10.Rd1 Qe8 11.Be3 e4 12.Ng5 h6 13.Nh3 b6 14.Nd5 Qf7 15.Nhf4 Ng4
16.Rac1 g5 17.Nh3 Bb7 18.Rc2 Rae8 19.Rcd2 Na5 20.Qb4 Nxe3 21.Nxe3 c5 22.Qa4 Qh5
23.Kh1 f4 24.Nd5 f3 25.exf3 exf3 26.Bf1 Bc6 27.Qc2 Bb7 28.Ng1 Nc6 29.Nc7 Re7
30.Nd5 Ree8 31.Nc7 Nd4 32.Rxd4 Bxd4 33.Nxe8 Rxe8 34.Bd3 Kg7 35.Bf5 g4 36.Bd7 Re7
37.Ba4 Qg5 38.b4 Be4 39.Qd2 Qxd2 40.Rxd2 Bg6 41.bxc5 bxc5 42.h3 h5 43.Bc6 Re1
44.hxg4 hxg4 45.Bd7 Bh5 46.Bf5 Rf1 47.Bd3 Rxf2 48.Rxf2 Bxf2 49.Kh2 Bg6  0-1

[Event "Goetzis op"]
[Site "Goetzis"]
[Date "1996.??.??"]
[Round "5"]
[White "Loos, Stephan"]
[Black "Ranzinger, M."]
[Result "1/2-1/2"]
[WhiteElo "2295"]
[BlackElo "1950"]

1.d4 f5 2.g3 Nf6 3.Bg2 g6 4.Nf3 Bg7 5.O-O O-O 6.c4 d6 7.Nc3 Nc6 8.d5 Ne5
9.Nxe5 dxe5 10.e4 f4 11.gxf4 exf4 12.Bxf4 Nxe4 13.Nxe4 Rxf4 14.Qe2 Bg4 15.f3 Bf5
16.Ng3 e6 17.Rad1 Bd4+ 18.Kh1 exd5 19.Nxf5 gxf5 20.Qe6+ Kg7 21.Bh3 Qd6 22.Bxf5 Qxe6
23.Bxe6 dxc4 24.Bxc4 Re8 25.b3 Re5 26.Rde1 Kf6 27.Rxe5 Bxe5  1/2-1/2

[Event "Graz op"]
[Site "Graz"]
[Date "1996.??.??"]
[Round "?"]
[White "Nickl, Klaus"]
[Black "Danner, Georg"]
[Result "0-1"]
[WhiteElo "2155"]
[BlackElo "2390"]

1.d4 f5 2.Nf3 Nf6 3.g3 g6 4.Bg2 Bg7 5.O-O O-O 6.c4 d6 7.Nc3 c6 8.d5 Bd7 9.Rb1 Na6
10.Nd4 Qc7 11.b4 c5 12.bxc5 Nxc5 13.Ne6 Nxe6 14.dxe6 Bc6 15.Nd5 Bxd5 16.Bxd5 Rab8
17.Be3 b6 18.Bd4 Ng4 19.Bxg7 Kxg7 20.Qd4+ Nf6 21.f3 Rfc8 22.e4 fxe4 23.fxe4 Qc5
24.Qxc5 Rxc5 25.g4 h6 26.h3 b5 27.Rb3 Rb6 28.Ra3 Rc7 29.cxb5 Rxb5 30.Rb3 Rbc5
31.Rb7 Rxb7 32.Bxb7 Rc3 33.e5 dxe5 34.Bg2 e4 35.h4 g5 36.hxg5 hxg5 37.Rf5 Kg6
38.Ra5 Rc1+ 39.Kf2 Rc2+ 40.Kg3 Rc3+ 41.Kf2 Nxg4+ 42.Ke1 Kf6 43.Kd2 Rc4 44.Rxa7 e3+
45.Kd3 Rd4+  0-1